1536 1247 1007 1772 1825 1465 1701 1250 1922 1684 1307 1247 1205 1662 1470 1948 1651 1574 1351 1425 1971 1978 1211 1021 1071 1356 1593 1084 1274 1356 1233 1749 1499 1542 1668 1026 1857 1309 1232 1201 1036 1684 1159 1427 1515 1177 1087 1632 1249 1437 1140 1556 1468 1065 1195 1004 1824 1861 1456 1417 1070 1720 1521 1745 1524 1688 1645 1662 1108 1814 1995 1536 1507 1802 1684 1935 1814 1913 1005 1105 1839 1194 1037 1598 1583 1450 1230 1395 1383 1701 1416 1823 1290 1566 1393 1826 1465 1716 1876 BCNSPRNW ULIB Ver.6.0+V

เปลี่ยนเป็นภาษาไทย

Change to English
 แสดงรายละเอียดบรรณานุกรม
  กลับหน้าหลัก

Brief Record : Get Marc (ISO 2709) : E-mail record : QR code < ปิดหน้าต่าง
LEADER : 00000nam 2200000uu 4500
001    13399113000
003     ULIB
008    110921s2545||||th 000 0 tha d
020    9749548728
020    9789749548721
050  4 NC992.T35^bอ881ค 2545
100 0  เอนก นาวิกมูล
245 10 คนนอกศตวรรษ :^bนักวาดในดวงใจ = My cherished artists /^cเอนก นาวิกมูล
246 30 นักวาดในดวงใจ
246 31 My cherished artists
250    พิมพ์ครั้งที่ 1
260    กรุงเทพฯ :^bเนชั่นบุ๊คส์ อินเตอร์เนชั่นแนล,^c2545
300    280 หน้า :^bภาพประกอบ (สีบางภาพ) ;^c21 ซม.
650  4 ผู้เขียนภาพประกอบ^zไทย^vชีวประวัติ
945    ^p195^l0^i015930
995    ทศพร
999 ^a ทศพร
รายการนี้ยังไม่มีแท็ก
คุณยังไม่ได้ล็อกอิน คุณสามารถมีกิจกรรมร่วมกับเว็บไซต์ได้ แต่ต้องล็อกอินก่อน ::
  ล็อกอิน

รายการสื่อสารสนเทศ

ลำดับที่ ประเภท เลขเรียก/บาร์โค้ด สถานที่ สถานะ
- ไม่พบข้อมูล -

รายการใกล้เคียง
    ผู้แต่ง [เอนก นาวิกมูล]

BibComment


ยังไม่เคยถูกคอมเมนท์

คอมเมนท์ทรัพยากรรายการนี้
  คอมเมนท์: คนนอกศตวรรษ นักว..


 Copyright 2026. Bcnsprnw @Library